00435nam a2200181Ia 4500003000400000005001700004008004100021020001800062040000700080041000800087082002000095100002900115245003800144250000600182260003700188300001500225365001300240OSt20230415094149.0210423s2010 xx 000 0 und d a9780070187757 cAL aeng a658.45 MURH223 aMURPHY (Herta A);others. aEffective business communication. a7 aNew DelhibTata McGrawhillc2010 axx,619bPB b395cINR